Capitales de Pays - Mort Subite #2 - Statistiques

Statistiques générales
  • Ce quiz a été pris 282 fois
  • Le résultat moyen est 15 sur 21
Answers on the Grid
Answers color-coded by a green-red scale on the quiz's grid according to % correct below.
Manille
Caracasse
Djibouti
Bangkok
Medellin
Santiago
Casablanca
Rotterdam
Agadir
Zagreb
Rome
Dubaï
Vancouver
Milwaukee
Prague
Managua
Ottawa
Sydney
Canberra
Alexandrie
Le Caire
Bagdad
Mumbai
New Delhi
Bali
Jakarta
Moscou
Naypyidaw
Milan
Manchester
Bamako
Katmandou
Cancún
Athènes
Monaco
Postojna
Islamabad
 
Statistiques - réponses
Réponse % Correct
Manille
82%
Athènes
79%
Bangkok
79%
Rome
79%
Canberra
77%
Moscou
77%
Ottawa
76%
Le Caire
75%
Prague
75%
Zagreb
75%
Monaco
72%
Santiago
71%
Bagdad
70%
New Delhi
69%
Djibouti
68%
Jakarta
67%
Bamako
65%
Islamabad
63%
Katmandou
59%
Managua
48%
Naypyidaw
48%
Aucun quiz correspondant
Distribution des résultats
% des personnes avec chaque résultat
Percentile par nombre de réponses
Votre historique - résultats
Vous n’avez pas pris ce quiz